[Event "Hallstahammar op"]
[Site "Hallstahammar"]
[Date "2003.09.13"]
[Round "5"]
[White "Norberg, Niklas"]
[Black "Karvonen, Pekka"]
[Result "1-0"]
[WhiteElo "1384"]
[BlackElo "1519"]
[PlyCount "39"]
[EventDate "2003.09.12"]
[EventType "swiss"]
[EventRounds "7"]
[EventCountry "SWE"]
[SourceTitle "CBM 096 Extra"]
[Source "ChessBase"]
[SourceDate "2003.10.22"]
[SourceVersion "2"]
[SourceVersionDate "2003.10.20"]
[SourceQuality "1"]

1. e4 e5 2. Nf3 Nc6 3. Bc4 Nf6 4. Ng5 d5 5. exd5 Nd4 6. c3 b5 7. cxd4 bxc4 8. dxe5 Qxd5 9. 0-0 Bb7 10. f3 Bc5+ 11. Kh1 0-0 12. exf6 gxf6 13. Ne4 Bd4 14. d3 Rad8 15. dxc4 Qxc4 16. Nbd2 Qd5 17. Nb3 Qe5 18. Qc2 Bb6 19. Bd2 Kh8 20. Bc3 1-0

[Event "Hallstahammar op"]
[Site "Hallstahammar"]
[Date "2001.09.07"]
[Round "1"]
[White "Norberg, Niklas"]
[Black "Juurikas, Arne"]
[Result "0-1"]
[WhiteElo "1245"]
[BlackElo "1950"]
[PlyCount "96"]
[EventDate "2001.??.??"]
[EventType "swiss"]
[EventRounds "7"]
[EventCountry "SWE"]
[SourceTitle "EXT 2006"]
[Source "ChessBase"]
[SourceDate "2005.11.24"]
[SourceVersion "1"]
[SourceVersionDate "2005.11.24"]
[SourceQuality "1"]

1. e4 e5 2. Nf3 Nc6 3. Bc4 Nf6 4. 0-0 Be7 5. Nc3 0-0 6. d3 d6 7. Bg5 Na5 8. Nd2 c6 9. a3 Nxc4 10. Nxc4 Be6 11. Ne3 h6 12. Bxf6 Bxf6 13. Ne2 g6 14. d4 Qc7 15. c4 Bg5 16. f4 exf4 17. Nxf4 d5 18. cxd5 Bxf4 19. dxe6 Bxe3+ 20. Kh1 fxe6 21. Qg4 Qg7 22. Rxf8+ Rxf8 23. Qxe6+ Qf7 24. Qxf7+ Rxf7 25. d5 cxd5 26. exd5 Bd4 27. h3 Bxb2 28. Ra2 Be5 29. Kg1 Bd4+ 30. Kh2 Rd7 31. Re2 Kf7 32. Rc2 Be5+ 33. Kg1 Rxd5 34. Rf2+ Kg7 35. Re2 b5 36. Kf1 a5 37. Re4 Kf6 38. Ke2 Bb2 39. a4 b4 40. g4 Re5 41. Rxe5 Kxe5 42. Ke3 Bc1+ 43. Kd3 Kd5 44. Kc2 Bg5 45. Kd3 Bf6 46. Kc2 Kc4 47. Kb1 Kb3 48. Kc1 Ka2 0-1